000 00440nam a22001817a 4500
003 MPLRDC
005 20220104165623.0
008 210129b ||||| |||| 00| 0 eng d
020 _a0-19-581379-0
082 _a859.6 STE-2
100 _aR.L. STEVENSON
245 _aTREASURE ISLAND
_c
250 _a重印
260 _a
_bOXFORD UNIVERSITY PRESS
_c1984
300 _b
650 _aCHILDREN LITERATURE
942 _cBK
_o859.6 STE-2
999 _c57535
_d57525